| 000 | 01280nam a22002777a 4500 | ||
|---|---|---|---|
| 999 |
_c121901 _d121901 |
||
| 003 | dpl | ||
| 005 | 20181011155251.0 | ||
| 008 | 181011b ||||| |||| 00| 0 eng d | ||
| 010 | _aB-176953 | ||
| 020 |
_c160.00 _a818906813 |
||
| 035 | _aB-176953, B-176977 | ||
| 037 | _bCen Lib/Ret | ||
| 040 |
_aDPL _bHN _c0 |
||
| 082 |
_a811.08 _bभर्तृह |
||
| 245 |
_aभर्तृहरि सतक / _cनीति सतक, श्रृंगार सतक एवं वैराग्य सतक _bऔनुवादक एवं टीकाकार रामचन्द्र वर्मा शास्त्री |
||
| 246 | _aBhartrihari shatak / | ||
| 260 |
_aदिल्ली _bकिरण प्रकाशन _c2005 |
||
| 270 |
_aकिरण प्रकाशन, 85, बलदेव पार्क _bदिल्ली _e110051 |
||
| 300 |
_a171पृ. _c19सेमी (सजिल्द) |
||
| 650 |
_aसंस्कृत साहित्य _9111593 |
||
| 650 |
_aकविताएं _9111594 |
||
| 650 |
_aSanskrit Literature _9111595 |
||
| 650 |
_aPoems _9111596 |
||
| 700 |
_aशास्त्री, रामचन्द्र वर्मा _942873 |
||
| 942 |
_2ddc _cHN _h811.08 _mभर्तृह |
||